| 000 -ლიდერი |
| ფიქსირებული სიგრძის საკონტროლო ველი |
02600nam a22003017a 4500 |
| 003 - საკონტროლო ნომრის იდენტიფიკატორი |
| საკონტროლო ველი |
Ge_BSU |
| 005 - ბოლო ოპერაციის თარიღი და დრო |
| საკონტროლო ველი |
20231214124316.0 |
| 008 - ფიქსირებული სიგრძის მონაცემთა ელემენტები - ზოგადი ინფორმაცია |
| ფიქსირებული სიგრძის საკონტროლო ველი |
231214s2018 ge ||||| |||| 00| 0 geo d |
| 020 ## - წიგნის საერთაშორისო სტანდარტული ნომერი |
| International Standard Book Number |
9789941806841 |
| 041 ## - ენის კოდი |
| Language code of text/sound track or separate title |
geo |
| 080 ## - უნივერსალური ათობითი კლასიფიკაციის ინდექსი |
| Universal Decimal Classification number |
631.4(479.22) ს-32 |
| 245 ## - ცნობა სათაურის შესახებ |
| Title |
საქართველოს ნიადაგების წითელი წიგნი = The Red Book of Soils of Georgia / |
| Statement of responsibility, etc |
ავტორები: თენგიზ ურუშაძე, ვინფრიდ ბლუმი, თამარ ქვრივიშვილი [და სხვ] ; რედაქტორი გიზო გოგიჩაიშვილი ; ფოტოების ავტორი გია ჩხატარაშვილი ; დიზაინი ნატალია ღლონტი ; საქართველოს აგრარული უნივერსიტეტი, მიხეილ საბაშვილის ნიადაგმცოდნეობის, აგროქიმიისა და მელიორაციის ინსტიტუტი, შოთა რუსთაველის საქართველოს ეროვნული სამეცნიერო ფონდი. |
| 264 ## - წარმოების, გამოცემის, დისტრიბუციის და სხვა ცნობები |
| გამოცემის, წარმოების, დისტრიბუციის... ადგილი |
თბილისი : |
| გამოცემის, წარმოების, დისტრიბუციის... სახელწოდება |
თავისუფალი და აგრარული უნივერსიტეტების გამომცემლობა, |
| გამოცემის, წარმოების, დისტრიბუციის... თარიღი |
2018. |
| 300 ## - ფიზიკური აღწერა |
| Extent |
120 გვ. : |
| Other physical details |
ილ., ცხრ. ; |
| Dimensions |
24 სმ. |
| 504 ## - BIBLIOGRAPHY, ETC. NOTE |
| Bibliography, etc |
ბიბლიოგრაფია: გვ. 116-117. |
| 653 ## - INDEX TERM--UNCONTROLLED |
| Uncontrolled term |
საქართველოს ნიადაგები |
| 700 ## - ADDED ENTRY--PERSONAL NAME |
| Personal name |
ბლუმი, ვინფრიდ |
| Relator term |
ავტორი |
| 9 (RLIN) |
20729 |
| 700 ## - ADDED ENTRY--PERSONAL NAME |
| Personal name |
ქვრივიშვილი, თამარ |
| Relator term |
ავტორი |
| 9 (RLIN) |
16728 |
| 700 ## - ADDED ENTRY--PERSONAL NAME |
| Personal name |
ჯორბენაძე, ლეო |
| Relator term |
ავტორი |
| 9 (RLIN) |
20730 |
| 700 ## - ADDED ENTRY--PERSONAL NAME |
| Personal name |
წერეთელი, გიული |
| Relator term |
ავტორი |
| 9 (RLIN) |
16730 |
| 700 ## - ADDED ENTRY--PERSONAL NAME |
| Personal name |
კახაძე, რუსუდან |
| Relator term |
ავტორი |
| 9 (RLIN) |
20731 |
| 700 ## - ADDED ENTRY--PERSONAL NAME |
| Personal name |
მერაბიშვილი, მარიამ |
| Relator term |
ავტორი |
| 9 (RLIN) |
20732 |
| 700 ## - ADDED ENTRY--PERSONAL NAME |
| Personal name |
გოგიძე, ქეთევან |
| Relator term |
ავტორი |
| 9 (RLIN) |
20733 |
| 700 ## - ADDED ENTRY--PERSONAL NAME |
| Personal name |
კუნჭულია, ილია |
| Relator term |
ავტორი |
| 9 (RLIN) |
20734 |
| 700 ## - ADDED ENTRY--PERSONAL NAME |
| Personal name |
ჩხატარაშვილი, გია |
| Relator term |
ფოტოგრაფი |
| 9 (RLIN) |
20735 |
| 700 ## - ADDED ENTRY--PERSONAL NAME |
| Personal name |
ღლონტი, ნატალია |
| Relator term |
დიზაინერი |
| 9 (RLIN) |
7931 |
| 942 ## - ADDED ENTRY ELEMENTS (KOHA) |
| Source of classification or shelving scheme |
|
| Koha item type |
წიგნი |